| 000 | 00782nam a22002657a 4500 | ||
|---|---|---|---|
| 999 |
_c200427777 _d45701 |
||
| 001 | 13063944 | ||
| 003 | TR-AnTOB | ||
| 005 | 20200608131945.0 | ||
| 008 | 171031b xxu||||| |||| 00| 0 tur d | ||
| 022 | _y1434-6044 | ||
| 040 |
_aWaSeSS _cWaSeSS _dTR-AnTOB _beng _erda |
||
| 041 | _aeng | ||
| 050 |
_aQC21.2 _b.E97 2000 |
||
| 090 |
_aQC21.2 _b.E97 2000 |
||
| 245 | 1 | 0 |
_aEuropean Physical Journal C : _hReview of partical physics |
| 264 |
_aHamburg : _bSpringer-Verlag, _c2000. |
||
| 300 |
_a878 pages : _btables, graphics ; _c28 cm |
||
| 336 |
_2rdacontent _atext |
||
| 337 |
_2rdamedia _aunmediated |
||
| 338 |
_2rdacarrier _avolume |
||
| 504 | _aIncludes bibliographical refrences. | ||
| 650 | 0 |
_aField theory (Physics) _92698 |
|
| 942 |
_2lcc _cBK |
||